00752cam a2200229 a 4500001000400000003000800004005001700012008003900029020001500068035001700083040003200100041000800132082002200140245006500162260005600227300004500283500006600328504003900394650001600433700002100449700005200470959BD-RjUL20211208233245.0131124s1975 njua b 001 0 eng a0382182197 a(BD-RjUL)981 aDLCcDLCdDLCdBD-RjULbeng aeng00a108216bPHI 197500aPhilosophical explorations /c[compiled by] Peter A. French. aMorristown, N.J. :bGeneral Learning Press,cc1975. axi, 777 p. :bill. (some col.) ;c23 cm. a"A major revision of the original book Exploring philosophy." aIncludes bibliographies and index. 0aPhilosophy.1 aFrench, Peter A.1 aFrench, Peter A.,ecomp.tExploring philosophy.